000 00415nam a2200181Ia 4500
001 15317
005 20260306170147.0
008 260306t2011||||xx |||||||||||||| ||und||
041 _aESP
082 _a531.12
_bV65
100 _aVillarreal Castro, Genner
_eAUT
245 0 _aEstática:
_bproblemas resueltos
260 _c2011
300 _a
_c
650 _aGEN
654 _aCCN
942 _cLIB
_dJUS
_fJUS
_2ddc
_n
999 _c15317
_d15317